Folia Linguistica et Litteraria Časopis za nauku o jeziku i književnosti
Enregistré dans:
| Format: | Publication en série |
|---|---|
| Langue: | anglais |
| Publié: |
Nikšić
Institute for Language and Literature
|
| Tags: |
Pas de tags, Soyez le premier à ajouter un tag!
|
MARC
| LEADER | 00000nas1a2200000 4500 | ||
|---|---|---|---|
| 001 | 0278445 | ||
| 005 | 20250627111420.4 | ||
| 022 | |a 1800-8542 | ||
| 022 | |a 2337-0955 | ||
| 041 | 0 | |a eng | |
| 044 | |a ME | ||
| 245 | 1 | 0 | |a Folia Linguistica et Litteraria |b Časopis za nauku o jeziku i književnosti |
| 264 | 1 | |a Nikšić |b Institute for Language and Literature | |